| 000 | 00568nam a2200217Ia 4500 | ||
|---|---|---|---|
| 003 | OSt | ||
| 005 | 20220928141432.0 | ||
| 006 | a|||||r|||| 00| 0 | ||
| 007 | ta | ||
| 008 | 220927b |||||||| |||| 00| 0 eng d | ||
| 024 | _a14973 | ||
| 037 | _cAnnuals, Advances | ||
| 040 |
_aSDCL _cSDCL _beng |
||
| 041 |
_2eng _aeng |
||
| 082 | _aO113,1L49:g(Y:1), K8 | ||
| 100 |
_aLukacs George _9404677 |
||
| 245 | 0 | _aGeothe and his age. | |
| 260 | _c1968 | ||
| 942 |
_hO113,1L49:g(Y:1), K8 _cREF _2CC |
||
| 999 |
_c817382 _d817382 |
||